000 00680nam a2200217Ia 4500
005 20260415165559.0
008 260406s9999 xx 000 0 und d
022 _a2950-5534
041 _aeng
245 0 _aJCA Advances
264 1 _aUnited States:
_bElsevier,
_c2024.
336 _2rdacontent
_atext
_btxt
337 _2rdamedia
_acomputer
_bc
338 _2rdacarrier
_aonline resource
_bcr
540 _fCC BY, CC BY-NC, CC BY-NC-ND
653 _aAnesthesiology
710 2 _aThe Directory of Open Access Journals
856 _uhttps://doaj.org/toc/a0733bf940e34e769cdf4d9e094c48df
856 _uhttps://www.sciencedirect.com/journal/jca-advances
942 _cE-JOURNAL
999 _c100055
_d100052